|
|
|
|
| LEADER |
00000nam0a2200000 4500 |
| 001 |
281653 |
| 005 |
20251220071622.0 |
| 035 |
|
|
|a (RuTPU)RU\TPU\book\305476
|
| 090 |
|
|
|a 281653
|
| 100 |
|
|
|a 20150124d1984 k y0rusy5003 ca
|
| 101 |
0 |
|
|a rus
|
| 102 |
|
|
|a RU
|
| 105 |
|
|
|a a z 001zy
|
| 200 |
1 |
|
|a Свойства веществ и строение молекул
|e сборник научных трудов
|f Калининский государственный университет
|
| 210 |
|
|
|a Калинин
|c Изд-во КГУ
|d 1984
|
| 215 |
|
|
|a 156 с.
|c ил.
|
| 320 |
|
|
|a Библиография в конце статей
|
| 606 |
1 |
|
|a Органические соединения
|x Строение
|2 stltpush
|3 (RuTPU)RU\TPU\subj\75607
|9 87307
|
| 610 |
1 |
|
|a физико-химические свойства
|
| 610 |
1 |
|
|a молекулы
|
| 610 |
1 |
|
|a математическое моделирование
|
| 610 |
1 |
|
|a молекулярная динамика
|
| 610 |
1 |
|
|a метод Монте-Карло
|
| 610 |
1 |
|
|a переполяризация
|
| 610 |
1 |
|
|a кристаллохимические свойства
|
| 675 |
|
|
|a 547:544.1
|z rus
|v 4
|
| 712 |
0 |
2 |
|7 ca
|8 rus
|a Калининский государственный университет
|c 1971-1990
|2 stltpush
|3 (RuTPU)RU\TPU\col\6821
|9 24273
|
| 801 |
|
0 |
|a RU
|b RuMRKP
|c 19950704
|g psbo
|
| 801 |
|
1 |
|a RU
|b 63413507
|c 20150124
|
| 801 |
|
2 |
|a RU
|b 63413507
|c 20190219
|g RCR
|
| 942 |
|
|
|c BK
|